000 01381nam a2200253 a 4500
001 001159470
003 AM-YeHGA
005 20250617152430.0
008 160624s2016 ai |||||rg||||000|0|arm|d
020 _a9785808012264
040 _aAM-YeHGA
041 0 _aarm
041 0 _arus
041 0 _aeng
245 0 0 _aՀայոց նորագույն պետականության քառորդ դարը :
_bԳիտաժողովի զեկուցումների դրույթներ 2016 թ. հուլիսի 15 /
_cՀՀ ԳԱԱ Հայագիտության և հասարակական գիտությունների բաժանմունք; ԵՊՀ.
260 _aԵրևան :
_bՀՀ ԳԱԱ «Գիտություն» հրատ.,
_c2016.
300 _a185 էջ. ;
_c20 սմ.
546 _aԲնագիրը՝ հայերեն, ռուսերեն և անգլերեն:
650 1 4 _aՆերքին քաղաքականություն
_zՀայաստանի Հանրապետություն
_vԳիտաժողովի զեկուցումներ
710 2 _aՀայաստանի Հանրապետության Գիտությունների ազգային ակադեմիա
_bՀայագիտության և հասարակական գիտությունների բաժանմունք
710 2 _aԵրևանի պետական համալսարան
711 2 _aԳիտաժողով
_d(2016 թ. հուլիսի 15
_eԵրևան )
090 _c372643
999 _c370765
_d370765